[Event "EU-Cup 38th"]
[Site "Durres"]
[Date "2023.10.01"]
[Round "1.3"]
[White "Steinberg, Nitzan"]
[Black "Georgakopoulos, Nikolaos K"]
[Result "1-0"]
[WhiteElo "2543"]
[BlackElo "2116"]
[PlyCount "95"]
[EventDate "2023.10.01"]
[EventType "team-swiss"]
[EventRounds "7"]
[EventCountry "ALB"]
[SourceTitle "EXT 2024"]
[Source "ChessBase"]
[SourceDate "2023.10.10"]
[SourceVersion "1"]
[SourceVersionDate "2023.10.10"]
[SourceQuality "1"]
[WhiteTeam "Beer Sheva"]
[BlackTeam "Chania Chess Academy"]
[WhiteTeamCountry "ISR"]
[BlackTeamCountry "GRE"]

1. e4 e6 2. d4 d5 3. Nd2 c5 4. Ngf3 cxd4 5. Nxd4 Nf6 6. exd5 Qxd5 7. Nb5 Na6 8. a3 Bd7 9. Nc3 Qd6 10. Qe2 Nc5 11. Nc4 Qc7 12. Qe5 Qxe5+ 13. Nxe5 Bd6 14. Nxd7 Ncxd7 15. Nb5 Be5 16. f4 Bb8 17. Be2 a6 18. Nc3 Ba7 19. Bd2 0-0-0 20. 0-0-0 h5 21. h3 h4 22. Bf3 Bb6 23. Rhe1 Bc7 24. b3 Nh5 25. f5 exf5 26. Nd5 Bd6 27. Ba5 b6 28. Bxb6 Nxb6 29. Nxb6+ Kb8 30. b4 Nf6 31. c4 g5 32. Nd5 Nxd5 33. Bxd5 Bf4+ 34. Kc2 Rd7 35. Kb3 Rhd8 36. Rd3 Kc7 37. Ka4 Bg3 38. Rf1 Bf4 39. Ka5 Re8 40. Rfd1 Be3 41. c5 f4 42. Kxa6 f5 43. Bf3 Rxd3 44. Rxd3 Rg8 45. b5 Bxc5 46. b6+ Kb8 47. Rd7 g4 48. Bd5 1-0

[Event "Kavala op 32nd"]
[Site "Kavala"]
[Date "2023.07.28"]
[Round "1"]
[White "Georgakopoulos, Nikolaos K"]
[Black "Cardoso Cardoso, Jose Gabriel"]
[Result "0-1"]
[WhiteElo "2148"]
[BlackElo "2468"]
[PlyCount "74"]
[EventDate "2023.07.28"]
[EventType "swiss"]
[EventRounds "9"]
[EventCountry "GRE"]
[SourceTitle "CBM 215 Extra"]
[Source "ChessBase"]
[SourceDate "2023.09.30"]
[SourceVersion "1"]
[SourceVersionDate "2023.09.30"]
[SourceQuality "1"]

1. e4 c5 2. Nf3 d6 3. Bb5+ Nd7 4. c3 Ngf6 5. Bd3 a6 6. Bc2 b5 7. d4 Bb7 8. Nbd2 e5 9. 0-0 Be7 10. d5 c4 11. b3 cxb3 12. axb3 0-0 13. Re1 Qc7 14. Bb2 Nb6 15. Nf1 g6 16. Ne3 Bc8 17. Nd2 Bd7 18. Bd3 a5 19. Qe2 b4 20. Rec1 Qb8 21. Nec4 Nxc4 22. Nxc4 Nh5 23. g3 Bg5 24. Rcb1 Qc7 25. Qe1 a4 26. cxb4 axb3 27. Qc3 Rab8 28. f4 Bxf4 29. gxf4 Nxf4 30. Bf1 Bh3 31. Qxb3 Qd7 32. Bxh3 Nxh3+ 33. Kg2 Nf4+ 34. Kh1 Rxb4 35. Qc3 Qg4 36. Rg1 Qe2 37. Rac1 Qxe4+ 0-1

[Event "Chania Theodorakis Memorial 1st"]
[Site "Chania"]
[Date "2022.04.28"]
[Round "6"]
[White "Georgakopoulos, Nikolaos K"]
[Black "Bogdanov, Egor"]
[Result "1-0"]
[WhiteElo "2206"]
[BlackElo "2426"]
[PlyCount "101"]
[EventDate "2022.04.25"]
[EventType "swiss"]
[EventRounds "9"]
[EventCountry "GRE"]
[SourceTitle "CBM 208 Extra"]
[Source "ChessBase"]
[SourceDate "2022.07.31"]
[SourceVersion "1"]
[SourceVersionDate "2022.07.31"]
[SourceQuality "1"]

1. e4 g6 2. d4 Bg7 3. Nf3 d6 4. Bd3 Nf6 5. 0-0 0-0 6. h3 c6 7. a4 Qc7 8. Re1 e5 9. c3 h6 10. dxe5 dxe5 11. Be3 Be6 12. Nbd2 Nbd7 13. Qc2 Rfd8 14. Bf1 Nh5 15. a5 Nf4 16. Kh2 g5 17. g3 Ng6 18. Bc4 Ndf8 19. b4 Qc8 20. Bxe6 Qxe6 21. Qb3 Qc8 22. Nc4 g4 23. Ng1 gxh3 24. Red1 Qe6 25. Rxd8 Rxd8 26. Bxa7 h5 27. Be3 h4 28. Nxh3 hxg3+ 29. fxg3 Rd3 30. Re1 Ne7 31. Kg2 Nh7 32. Nf2 Rd8 33. Rd1 Rxd1 34. Nxd1 Nf6 35. Nf2 Nh5 36. Bg5 Qg6 37. Bxe7 Qxg3+ 38. Kf1 Qf3 39. Bh4 Nf4 40. Nd6 Qg2+ 41. Ke1 Qf3 42. Qxf7+ Kh8 43. Kd2 Qe2+ 44. Kc1 Qe1+ 45. Kc2 Ne2 46. Qh5+ Kg8 47. Nd1 Qf1 48. Nf5 Nf4 49. Ne7+ Kf8 50. Qf5+ Ke8 51. Qc8+ 1-0

[Event "Chania Theodorakis Memorial 1st"]
[Site "Chania"]
[Date "2022.04.27"]
[Round "5"]
[White "Bozanis, Dimitrios"]
[Black "Georgakopoulos, Nikolaos K"]
[Result "0-1"]
[WhiteElo "2013"]
[BlackElo "2206"]
[PlyCount "102"]
[EventDate "2022.04.25"]
[EventType "swiss"]
[EventRounds "9"]
[EventCountry "GRE"]
[SourceTitle "CBM 208 Extra"]
[Source "ChessBase"]
[SourceDate "2022.07.31"]
[SourceVersion "1"]
[SourceVersionDate "2022.07.31"]
[SourceQuality "1"]

1. e4 e6 2. d3 c5 3. Nf3 Nc6 4. g3 Nge7 5. Bg2 g6 6. 0-0 Bg7 7. c3 e5 8. Be3 d6 9. d4 exd4 10. cxd4 Bg4 11. dxc5 dxc5 12. Nbd2 b6 13. Nc4 0-0 14. h3 Be6 15. Nfd2 Qd7 16. Kh2 b5 17. Na3 Bxb2 18. Nxb5 Bxa1 19. Qxa1 f6 20. Rd1 Ne5 21. a4 Nd3 22. e5 Bd5 23. exf6 Bxg2 24. Kxg2 Qc6+ 25. Kg1 Nf5 26. Nc4 Nxe3 27. Nxe3 Rad8 28. Ng4 h5 29. f7+ Kh7 30. Nf6+ Kh6 31. Ng8+ Kh7 32. Nf6+ Kg7 33. Nd7+ Kxf7 34. Nxf8 Qf3 35. Rd2 Rxf8 36. Qd1 Ne5 37. Qe1 Qf6 38. Kf1 Qe6 39. h4 Qh3+ 40. Ke2 Qg4+ 41. Kf1 Nf3 42. Qe3 Nxd2+ 43. Qxd2 a6 44. Qd5+ Kg7 45. Nd6 Qd4 46. Qb7+ Kg8 47. Ne4 Qd1+ 48. Kg2 Qf3+ 49. Kg1 Rd8 50. Qh7+ Kxh7 51. Ng5+ Kg7 0-1

[Event "Chania Theodorakis Memorial 1st"]
[Site "Chania"]
[Date "2022.04.25"]
[Round "1"]
[White "Srinivasan, Advik"]
[Black "Georgakopoulos, Nikolaos K"]
[Result "0-1"]
[WhiteElo "1372"]
[BlackElo "2206"]
[PlyCount "88"]
[EventDate "2022.04.25"]
[EventType "swiss"]
[EventRounds "9"]
[EventCountry "GRE"]
[SourceTitle "CBM 208 Extra"]
[Source "ChessBase"]
[SourceDate "2022.07.31"]
[SourceVersion "1"]
[SourceVersionDate "2022.07.31"]
[SourceQuality "1"]

1. e4 e6 2. d4 d5 3. exd5 exd5 4. Bd3 Nf6 5. h3 c5 6. c3 Nc6 7. Ne2 Be7 8. Bf4 Qb6 9. Qb3 c4 10. Qxb6 axb6 11. Bc2 b5 12. Nd2 0-0 13. 0-0 b4 14. Nf3 Re8 15. Rfe1 Bf8 16. Be3 b5 17. Kf1 bxc3 18. Nxc3 b4 19. Ne2 h6 20. Kg1 Re7 21. a3 Rea7 22. Ne5 Bb7 23. Nxc6 Bxc6 24. Bc1 bxa3 25. bxa3 Bb4 26. Rd1 Bxa3 27. Nc3 Bb4 28. Bb2 Bxc3 29. Bxc3 Ba4 30. Rdc1 Bxc2 31. Rxa7 Rxa7 32. Rxc2 Ne4 33. Bb4 Ra1+ 34. Kh2 Rd1 35. Bc5 Nd2 36. Ra2 Nf1+ 37. Kg1 c3 38. Ba3 c2 39. Rb2 Kh7 40. Rb5 Ne3+ 41. Kh2 Nc4 42. Rb3 Nxa3 43. Rc3 c1Q 44. Rxc1 Rxc1 0-1

[Event "Krakow op-A 32nd"]
[Site "Krakow"]
[Date "2022.01.04"]
[Round "9"]
[White "Warakomska, Anna"]
[Black "Georgakopoulos, Nikolaos K"]
[Result "1/2-1/2"]
[WhiteElo "2276"]
[BlackElo "2159"]
[PlyCount "230"]
[EventDate "2021.12.27"]
[EventType "swiss"]
[EventRounds "9"]
[EventCountry "POL"]
[SourceTitle "EXT 2023"]
[Source "ChessBase"]
[SourceDate "2022.10.05"]
[SourceVersion "1"]
[SourceVersionDate "2022.10.05"]
[SourceQuality "1"]

1. d4 Nf6 2. c4 g6 3. g3 Bg7 4. Bg2 0-0 5. Nc3 d6 6. Nf3 c6 7. e4 Be6 8. Qe2 Bg4 9. h3 Bxf3 10. Bxf3 Nfd7 11. Be3 c5 12. d5 Ne5 13. Bg2 Qb6 14. 0-0 Qb4 15. Bg5 f6 16. Bc1 Qxc4 17. Qxc4 Nxc4 18. Nb5 Na6 19. b3 Nb6 20. Bd2 Rfc8 21. Ba5 Nc7 22. Nxc7 Rxc7 23. h4 f5 24. Rae1 fxe4 25. Rxe4 Kf8 26. Rfe1 Bf6 27. R4e2 c4 28. Bxb6 axb6 29. bxc4 Rxc4 30. Rb1 Bd4 31. Rb3 Rc1+ 32. Kh2 Ra1 33. Rb4 Bf6 34. Rxb6 R8xa2 35. Rxa2 Rxa2 36. Rxb7 Rxf2 37. Rb3 Kg7 38. Re3 Be5 39. Kh3 Rd2 40. Be4 h5 41. Bg2 Kh6 42. Be4 Rf2 43. Bg2 Rb2 44. Bf3 g5 45. hxg5+ Kxg5 46. Re2 Rb3 47. Kg2 Rd3 48. Re1 Rd2+ 49. Re2 Rd4 50. Re1 Ra4 51. Re4 Ra2+ 52. Re2 Ra8 53. Re4 Rg8 54. Rh4 Kf6 55. g4 hxg4 56. Rxg4 Rh8 57. Be4 Rh6 58. Kf3 e6 59. dxe6 Rh3+ 60. Ke2 Kxe6 61. Rg6+ Bf6 62. Bg2 Ra3 63. Rg8 Ke5 64. Re8+ Kd4 65. Re4+ Kc5 66. Rg4 d5 67. Rg6 Be7 68. Rg7 Ra7 69. Kd3 Kd6 70. Rf7 Ke5 71. Bf1 Ra3+ 72. Kc2 Bg5 73. Bd3 Kd4 74. Bh7 Rc3+ 75. Kd1 Be3 76. Re7 Rc8 77. Ke2 Bg5 78. Rg7 Bf6 79. Rg4+ Ke5 80. Rg8 Rc6 81. Rg4 Rc7 82. Bd3 d4 83. Re4+ Kd5 84. Re8 Be5 85. Rd8+ Bd6 86. Re8 Rg7 87. Kd2 Rg2+ 88. Re2 Bf4+ 89. Kc2 Rg1 90. Re8 Rc1+ 91. Kb2 Rc7 92. Rd8+ Bd6 93. Re8 Be7 94. Rh8 Ke5 95. Rh1 Kf4 96. Re1 Kf3 97. Bg6 Bg5 98. Rd1 Be3 99. Bh5+ Kf2 100. Rd3 Rc5 101. Bg6 Ke2 102. Kb3 Rg5 103. Bh7 Rg7 104. Be4 Rg1 105. Bh7 Kf3 106. Bf5 Kf4 107. Be6 Rb1+ 108. Kc4 Ke5 109. Bg8 Rb7 110. Kc5 Rc7+ 111. Kb4 Ke4 112. Bc4 Bf4 113. Rd1 Bd6+ 114. Kb3 Bg3 115. Rd2 Rb7+ 1/2-1/2

[Event "Krakow op-A 32nd"]
[Site "Krakow"]
[Date "2022.01.02"]
[Round "7"]
[White "Georgakopoulos, Nikolaos K"]
[Black "Paszewski, Mateusz"]
[Result "1-0"]
[WhiteElo "2159"]
[BlackElo "2300"]
[PlyCount "65"]
[EventDate "2021.12.27"]
[EventType "swiss"]
[EventRounds "9"]
[EventCountry "POL"]
[SourceTitle "EXT 2023"]
[Source "ChessBase"]
[SourceDate "2022.10.05"]
[SourceVersion "1"]
[SourceVersionDate "2022.10.05"]
[SourceQuality "1"]

1. e4 c6 2. Nc3 d5 3. Nf3 dxe4 4. Nxe4 Nf6 5. Qe2 Nxe4 6. Qxe4 Nd7 7. Bc4 Nf6 8. Ne5 e6 9. Qe2 b5 10. Bd3 Qc7 11. a4 b4 12. b3 Bb7 13. Bb2 Be7 14. 0-0-0 Nd5 15. g3 Bf6 16. f4 0-0-0 17. Rhf1 g6 18. Kb1 h5 19. h3 Kb8 20. a5 Rhe8 21. a6 Ba8 22. Be4 Kc8 23. Rde1 Re7 24. Bxd5 exd5 25. g4 hxg4 26. Qxg4+ Kb8 27. Nd7+ Rexd7 28. Bxf6 c5 29. Bxd8 Rxd8 30. f5 c4 31. fxg6 cxb3 32. Qxb4+ Kc8 33. cxb3 1-0

[Event "Krakow op-A 32nd"]
[Site "Krakow"]
[Date "2021.12.31"]
[Round "5"]
[White "Kyc, Jerzy"]
[Black "Georgakopoulos, Nikolaos K"]
[Result "1/2-1/2"]
[WhiteElo "2250"]
[BlackElo "2159"]
[PlyCount "51"]
[EventDate "2021.12.27"]
[EventType "swiss"]
[EventRounds "9"]
[EventCountry "POL"]
[SourceTitle "EXT 2023"]
[Source "ChessBase"]
[SourceDate "2022.10.05"]
[SourceVersion "1"]
[SourceVersionDate "2022.10.05"]
[SourceQuality "1"]

1. e4 e6 2. d4 d5 3. Nd2 c5 4. Ngf3 cxd4 5. exd5 Qxd5 6. Bc4 Qd8 7. 0-0 Nc6 8. Nb3 a6 9. Nbxd4 Nxd4 10. Qxd4 Qxd4 11. Nxd4 Bd7 12. Bf4 Rc8 13. Bb3 Bc5 14. Rad1 Nf6 15. Rfe1 0-0 16. Nf3 Rfd8 17. Ne5 Be8 18. c3 h6 19. Rxd8 Rxd8 20. Rd1 Rc8 21. Kf1 b5 22. Ke2 a5 23. a3 Kf8 24. Be3 Ke7 25. f4 Bd6 26. Bd4 1/2-1/2

[Event "Krakow op-A 32nd"]
[Site "Krakow"]
[Date "2021.12.30"]
[Round "4"]
[White "Georgakopoulos, Nikolaos K"]
[Black "Jarmula, Lukasz"]
[Result "0-1"]
[WhiteElo "2159"]
[BlackElo "2426"]
[PlyCount "88"]
[EventDate "2021.12.27"]
[EventType "swiss"]
[EventRounds "9"]
[EventCountry "POL"]
[SourceTitle "EXT 2023"]
[Source "ChessBase"]
[SourceDate "2022.10.05"]
[SourceVersion "1"]
[SourceVersionDate "2022.10.05"]
[SourceQuality "1"]

1. e4 Nc6 2. Nf3 d6 3. d4 Nf6 4. c3 g6 5. Bd3 Bg7 6. 0-0 0-0 7. h3 e5 8. Re1 Re8 9. Nbd2 Nh5 10. Nb3 h6 11. Be3 Qf6 12. Bb5 exd4 13. Bxc6 bxc6 14. Bxd4 Qd8 15. Qd2 c5 16. Bxg7 Kxg7 17. g4 Qf6 18. Kg2 Nf4+ 19. Kg3 Nxh3 20. e5 dxe5 21. Nxc5 Nf4 22. Rh1 h5 23. g5 Qc6 24. b4 Bg4 25. Qe3 Nd5 26. Qe4 Bf5 27. Qc4 e4 28. Qd4+ Kg8 29. Ne5 Qd6 30. f4 exf3 31. Rae1 Nxb4 32. Qxd6 cxd6 33. cxb4 dxe5 34. Kxf3 Rad8 35. Ke3 Rd4 36. a3 h4 37. Kf3 h3 38. Re3 Rf4+ 39. Ke2 Rd8 40. Rxe5 Bg4+ 41. Ke3 Rf3+ 42. Ke4 Rf2 43. Re1 h2 44. Nd3 Re2+ 0-1

[Event "Krakow op-A 32nd"]
[Site "Krakow"]
[Date "2021.12.28"]
[Round "2"]
[White "Georgakopoulos, Nikolaos K"]
[Black "Karolczuk, Iwo"]
[Result "1-0"]
[WhiteElo "2159"]
[BlackElo "2357"]
[PlyCount "75"]
[EventDate "2021.12.27"]
[EventType "swiss"]
[EventRounds "9"]
[EventCountry "POL"]
[SourceTitle "EXT 2023"]
[Source "ChessBase"]
[SourceDate "2022.10.05"]
[SourceVersion "1"]
[SourceVersionDate "2022.10.05"]
[SourceQuality "1"]

1. e4 c5 2. Nf3 d6 3. Bb5+ Nd7 4. c3 Ngf6 5. Bd3 g6 6. Bc2 Bg7 7. d4 0-0 8. a4 b6 9. 0-0 Qc7 10. h3 Bb7 11. Re1 Rac8 12. d5 c4 13. Na3 a6 14. Bf4 Nh5 15. Bh2 Qc5 16. Nd4 e5 17. dxe6 fxe6 18. b4 cxb3 19. Bxb3 Kh8 20. Nc4 Ne5 21. Nxe5 dxe5 22. Nxe6 Qxf2+ 23. Kh1 Rfe8 24. Rf1 Qe3 25. Rf3 Qh6 26. Bd5 Bxd5 27. Qxd5 Nf6 28. Rxf6 Bxf6 29. Rf1 Bg7 30. Bxe5 Bxe5 31. Qxe5+ Kg8 32. Qd5 Kh8 33. Ng5 Rf8 34. Rf7 Rcd8 35. Qb7 Kg8 36. Rxh7 Rf1+ 37. Kh2 Qf8 38. Rh8+ 1-0

[Event "Krakow op-A 32nd"]
[Site "Krakow"]
[Date "2021.12.27"]
[Round "1"]
[White "Chakravarthi, Reddy M"]
[Black "Georgakopoulos, Nikolaos K"]
[Result "0-1"]
[WhiteElo "2342"]
[BlackElo "2159"]
[PlyCount "66"]
[EventDate "2021.12.27"]
[EventType "swiss"]
[EventRounds "9"]
[EventCountry "POL"]
[SourceTitle "EXT 2023"]
[Source "ChessBase"]
[SourceDate "2022.10.05"]
[SourceVersion "1"]
[SourceVersionDate "2022.10.05"]
[SourceQuality "1"]

1. d4 Nf6 2. c4 g6 3. Nf3 Bg7 4. g3 0-0 5. Bg2 d6 6. 0-0 c6 7. Nc3 Bf5 8. Nh4 Be6 9. d5 cxd5 10. cxd5 Bd7 11. e4 Na6 12. Be3 Ng4 13. Bd4 Bxd4 14. Qxd4 Qb6 15. Qxb6 axb6 16. Nf3 Rfc8 17. Nd4 Ne5 18. Rfd1 Nc4 19. b3 Na3 20. Rac1 Rc5 21. f3 Rac8 22. Nde2 b5 23. Bf1 b4 24. Na4 Bxa4 25. bxa4 Rc2 26. Ra1 Rb2 27. Nd4 Rc3 28. Bxa6 bxa6 29. a5 Rc5 30. Rd3 Nb1 31. Ne2 Rcc2 32. Rb3 Nc3 33. Rxb2 Nxe2+ 0-1

[Event "Larnaca OFIS op 2nd"]
[Site "Larnaca"]
[Date "2021.10.27"]
[Round "5"]
[White "Georgakopoulos, Nikolaos K"]
[Black "Christiansen, Johan Sebastian"]
[Result "0-1"]
[WhiteElo "2138"]
[BlackElo "2582"]
[PlyCount "82"]
[EventDate "2021.10.22"]
[EventType "swiss"]
[EventRounds "9"]
[EventCountry "CYP"]
[SourceTitle "CBM 204 Extra"]
[Source "ChessBase"]
[SourceDate "2021.11.30"]
[SourceVersion "1"]
[SourceVersionDate "2021.11.30"]
[SourceQuality "1"]

1. e4 e6 2. d4 d5 3. e5 c5 4. c3 Nc6 5. Nf3 Bd7 6. Be2 Nge7 7. Na3 cxd4 8. cxd4 f6 9. Nb5 Ng6 10. exf6 gxf6 11. 0-0 a6 12. Nc3 Bg7 13. b4 0-0 14. Rb1 Re8 15. Be3 Bf8 16. a3 Bd6 17. Qd2 Qe7 18. Ne1 Qf7 19. f4 Nge7 20. Bd3 Kh8 21. Kh1 Rg8 22. Na4 Bc7 23. Nc5 Bc8 24. Qe2 Nb8 25. Rc1 Bd8 26. f5 exf5 27. Bf4 Nbc6 28. Nf3 Rg4 29. Bd6 Rg8 30. Rfe1 Ng6 31. h4 Bc7 32. Bxc7 Qxc7 33. Qf2 Nf4 34. Bf1 Nh5 35. Ne6 Bxe6 36. Rxe6 Ng3+ 37. Kg1 Ne4 38. Qc2 Qf4 39. Kh1 Rac8 40. Qb2 Rg3 41. Re1 Rxf3 0-1

[Event "Larnaca OFIS op 2nd"]
[Site "Larnaca"]
[Date "2021.10.27"]
[Round "4"]
[White "Ivanov, Mikhail M"]
[Black "Georgakopoulos, Nikolaos K"]
[Result "1-0"]
[WhiteElo "2329"]
[BlackElo "2138"]
[PlyCount "65"]
[EventDate "2021.10.22"]
[EventType "swiss"]
[EventRounds "9"]
[EventCountry "CYP"]
[SourceTitle "CBM 204 Extra"]
[Source "ChessBase"]
[SourceDate "2021.11.30"]
[SourceVersion "1"]
[SourceVersionDate "2021.11.30"]
[SourceQuality "1"]

1. c4 g6 2. e4 Bg7 3. d4 d6 4. Nc3 Nf6 5. Be2 0-0 6. h4 c5 7. d5 b5 8. cxb5 a6 9. b6 Qxb6 10. h5 a5 11. hxg6 hxg6 12. Nf3 Nbd7 13. Ng5 Ba6 14. f4 c4 15. Kf1 Nc5 16. Bf3 e6 17. dxe6 fxe6 18. Qe2 Rab8 19. g3 Rfd8 20. Kg2 d5 21. e5 Nfd7 22. Nxd5 exd5 23. Bxd5+ Kf8 24. e6 Ne5 25. fxe5 Ke7 26. Rh7 Rg8 27. Ne4 Nxe6 28. Nf6 c3 29. Nxg8+ Kf8 30. Qf3+ Kxg8 31. Rxg7+ Kxg7 32. Qf6+ Kh7 33. Bd2 1-0

[Event "Paleochora op 13th"]
[Site "Paleochora"]
[Date "2020.07.19"]
[Round "2"]
[White "Spyropoulos, Nikolaos"]
[Black "Georgakopoulos, Nikolaos K"]
[Result "1-0"]
[WhiteElo "2403"]
[BlackElo "2097"]
[PlyCount "69"]
[EventDate "2020.07.18"]
[EventType "swiss"]
[EventRounds "9"]
[EventCountry "GRE"]
[SourceTitle "EXT 2021"]
[Source "ChessBase"]
[SourceDate "2020.10.23"]
[SourceVersion "1"]
[SourceVersionDate "2020.10.23"]
[SourceQuality "1"]

1. e4 e6 2. Nf3 d5 3. Nc3 d4 4. Ne2 c5 5. c3 Nc6 6. cxd4 cxd4 7. Qa4 Bc5 8. b4 Bxb4 9. Nexd4 Nge7 10. Bb5 Qa5 11. Rb1 Qxa4 12. Bxa4 Bd6 13. Nxc6 bxc6 14. d4 Ba6 15. e5 Bc7 16. Ba3 Ba5+ 17. Kd1 Rc8 18. Nd2 Nd5 19. Ne4 Bd3 20. Nd6+ Kd7 21. Rb3 Nc3+ 22. Kd2 Bb5 23. Bxb5 Nxb5+ 24. Kd3 Nxd6 25. Bxd6 Bb6 26. Kc4 Rhd8 27. a4 Ke8 28. Ra1 Bc7 29. Bc5 Rb8 30. Bxa7 Rxb3 31. Kxb3 Ba5 32. Kc2 Ra8 33. Bc5 Kd8 34. Ra3 f6 35. Rg3 1-0

[Event "GRE-chT 47th"]
[Site "Patras"]
[Date "2019.07.03"]
[Round "3.2"]
[White "Kouskoutis, Georgios Alexandros"]
[Black "Georgakopoulos, Nikolaos K"]
[Result "1-0"]
[WhiteElo "2256"]
[BlackElo "2032"]
[PlyCount "85"]
[EventDate "2019.07.02"]
[EventType "team-swiss"]
[EventRounds "7"]
[EventCountry "GRE"]
[SourceTitle "CBM 191 Extra"]
[Source "ChessBase"]
[SourceDate "2019.09.30"]
[SourceVersion "1"]
[SourceVersionDate "2019.09.30"]
[SourceQuality "1"]
[WhiteTeam "Nikaia Fysiolatris"]
[BlackTeam "Chania SA"]
[WhiteTeamCountry "GRE"]
[BlackTeamCountry "GRE"]

1. c4 e6 2. g3 Nf6 3. Bg2 d5 4. Nf3 Be7 5. 0-0 0-0 6. b3 d4 7. e3 c5 8. exd4 cxd4 9. d3 Nc6 10. Re1 Nd7 11. a3 a5 12. Nbd2 e5 13. Ne4 h6 14. c5 f5 15. Nd6 Nxc5 16. Nxc8 Bf6 17. Qc2 Ne6 18. Qc4 Qxc8 19. Bf4 b5 20. Qxb5 exf4 21. Rac1 Ned8 22. Nd2 fxg3 23. hxg3 Ra6 24. b4 axb4 25. axb4 Kh8 26. Qc4 Ra3 27. Nb1 Rc3 28. Nxc3 dxc3 29. Qc5 Ne7 30. d4 Qxc5 31. dxc5 Ndc6 32. b5 Nb4 33. Rxc3 Bxc3 34. Rxe7 Nd3 35. c6 Ba5 36. Bd5 Bb6 37. Rb7 Bxf2+ 38. Kg2 Nc5 39. Rf7 Rd8 40. c7 Rc8 41. Kxf2 Nd3+ 42. Ke3 Nb4 43. Be6 1-0

[Event "Crete Team Cup final"]
[Site "Hersonissos"]
[Date "2019.05.12"]
[Round "2.1"]
[White "Kelires, Andreas"]
[Black "Georgakopoulos, Nikolaos K"]
[Result "1-0"]
[WhiteElo "2508"]
[BlackElo "2056"]
[PlyCount "119"]
[EventDate "2019.05.11"]
[EventType "team-k.o."]
[EventRounds "2"]
[EventCountry "GRE"]
[SourceTitle "CBM 190 Extra"]
[Source "ChessBase"]
[SourceDate "2019.07.15"]
[SourceVersion "1"]
[SourceVersionDate "2019.07.15"]
[SourceQuality "1"]
[WhiteTeam "OFI"]
[BlackTeam "Chania Chess Academy"]
[WhiteTeamCountry "GRE"]
[BlackTeamCountry "GRE"]

1. Nf3 Nf6 2. g3 e6 3. Bg2 d5 4. 0-0 Be7 5. d3 b6 6. c4 Bb7 7. cxd5 exd5 8. d4 0-0 9. Nc3 c5 10. Bf4 c4 11. Qc2 a6 12. Ne5 b5 13. a3 Nbd7 14. Rad1 Nb6 15. e4 Ra7 16. Rfe1 dxe4 17. d5 Nbxd5 18. Nxd5 Bxd5 19. Nc6 Qd7 20. Nxa7 Qxa7 21. Be5 Qb7 22. Bc3 h6 23. Bh3 Re8 24. Qd2 Bc6 25. Qd4 Rd8 26. Qe5 Re8 27. Qf5 Nd5 28. Bd4 Bf6 29. Bxf6 Nxf6 30. Rd6 Bd5 31. Qf4 a5 32. Rd1 b4 33. Bd7 Rb8 34. axb4 axb4 35. Bc6 Bxc6 36. Rxc6 Rc8 37. Rxc4 Re8 38. Qc7 Qb5 39. Qc5 Qa4 40. Rcd4 Qb3 41. Rd8 Qe6 42. Rxe8+ Qxe8 43. Qxb4 e3 44. f3 Qc6 45. Qf4 Qb6 46. Re1 e2+ 47. Kg2 Qxb2 48. Qc4 Qb7 49. Rxe2 Qd7 50. Qa2 Qb7 51. Rb2 Qc7 52. Qb3 Qd7 53. Qb5 Qd4 54. Ra2 g6 55. Qb8+ Kg7 56. Re2 Qc5 57. Qe5 Qb4 58. Rb2 Qf8 59. Rb6 Qd8 60. Rd6 1-0

[Event "GRE-ch U18"]
[Site "Rethymno"]
[Date "2019.01.04"]
[Round "4"]
[White "Georgakopoulos, Nikolaos K"]
[Black "Chatzieleftheriou, Andreas"]
[Result "0-1"]
[WhiteElo "2056"]
[BlackElo "2129"]
[PlyCount "52"]
[EventDate "2019.01.02"]
[EventType "swiss"]
[EventRounds "9"]
[EventCountry "GRE"]
[SourceTitle "CBM 188 Extra"]
[Source "ChessBase"]
[SourceDate "2019.02.26"]
[SourceVersion "1"]
[SourceVersionDate "2019.02.26"]
[SourceQuality "1"]

1. e4 e6 2. d4 d5 3. e5 c5 4. c3 Nc6 5. Nf3 Bd7 6. Be2 Nge7 7. 0-0 Ng6 8. Be3 Be7 9. Nbd2 0-0 10. a3 cxd4 11. cxd4 f6 12. exf6 Bxf6 13. Rc1 Kh8 14. Re1 e5 15. dxe5 Ncxe5 16. Bd4 Nc6 17. Nb3 Nf4 18. h3 Bxh3 19. gxh3 Nxh3+ 20. Kh2 Bxd4 21. Nbxd4 Nxf2 22. Qa4 Qd6+ 23. Kg2 Ne4 24. Rf1 Qg3+ 25. Kh1 Rf6 26. Rxc6 bxc6 0-1

[Event "EU-Cup 34th"]
[Site "Porto Carras"]
[Date "2018.10.15"]
[Round "4.4"]
[White "Wunderman, Xavier"]
[Black "Georgakopoulos, Nikolaos K"]
[Result "1-0"]
[WhiteElo "2139"]
[BlackElo "2085"]
[PlyCount "125"]
[EventDate "2018.10.12"]
[EventType "team-swiss"]
[EventRounds "7"]
[EventCountry "GRE"]
[SourceTitle "CBM 187"]
[Source "ChessBase"]
[SourceDate "2018.12.11"]
[SourceVersion "1"]
[SourceVersionDate "2018.12.11"]
[SourceQuality "1"]
[WhiteTeam "Bois Colombes"]
[BlackTeam "Chania Chess Academy"]
[WhiteTeamCountry "FRA"]
[BlackTeamCountry "GRE"]

1. e4 e6 2. d3 c5 3. g3 Nc6 4. Bg2 g6 5. c3 Bg7 6. Be3 d6 7. Nd2 Nge7 8. h4 b6 9. h5 Ba6 10. hxg6 hxg6 11. Rxh8+ Bxh8 12. Ndf3 Qd7 13. Bh3 d5 14. Bf4 0-0-0 15. e5 g5 16. Nxg5 Ng6 17. d4 cxd4 18. cxd4 Nb4 19. Bf1 Bxf1 20. Kxf1 Nxf4 21. Qc1+ Kb7 22. Qxf4 Rf8 23. Qd2 Nc6 24. Nh7 Rg8 25. Nf3 f5 26. Nhg5 Bg7 27. Kg2 Bh6 28. Rh1 Rg6 29. Rh5 Qg7 30. Qf4 Nxd4 31. Nxd4 Rxg5 32. Rxg5 Bxg5 33. Nxe6 Bxf4 34. Nxg7 Bxe5 35. Nxf5 Bxb2 36. Kf3 Kc6 37. g4 b5 38. g5 b4 39. g6 a5 40. Ke3 a4 41. Nd4+ Kc5 42. Ne6+ Kc4 43. Kd2 a3 44. Kc2 d4 45. Nf4 d3+ 46. Nxd3 Bd4 47. f4 b3+ 48. axb3+ Kd5 49. Kb1 Ke6 50. Ne5 Kf6 51. b4 Bc3 52. b5 Bd2 53. Nd3 Kxg6 54. Ka2 Kf5 55. Kxa3 Ke4 56. b6 Ba5 57. b7 Bc7 58. Ka4 Kd5 59. Kb5 Kd6 60. Nc5 Ke7 61. f5 Kf6 62. Kc6 Bh2 63. Ne4+ 1-0

[Event "EU-Cup 34th"]
[Site "Porto Carras"]
[Date "2018.10.13"]
[Round "2.4"]
[White "Georgakopoulos, Nikolaos K"]
[Black "Umudova, Nargiz"]
[Result "0-1"]
[WhiteElo "2085"]
[BlackElo "2233"]
[PlyCount "84"]
[EventDate "2018.10.12"]
[EventType "team-swiss"]
[EventRounds "7"]
[EventCountry "GRE"]
[SourceTitle "CBM 187"]
[Source "ChessBase"]
[SourceDate "2018.12.11"]
[SourceVersion "1"]
[SourceVersionDate "2018.12.11"]
[SourceQuality "1"]
[WhiteTeam "Chania Chess Academy"]
[BlackTeam "Amaytos"]
[WhiteTeamCountry "GRE"]
[BlackTeamCountry "BEL"]

1. e4 c6 2. Nc3 d5 3. Nf3 g6 4. d4 Bg7 5. e5 Nh6 6. h3 0-0 7. g4 f6 8. exf6 exf6 9. Be3 Nf7 10. Qd2 Nd7 11. 0-0-0 b5 12. Bd3 Nb6 13. b3 Re8 14. Rdg1 Nd6 15. h4 Nbc4 16. Bxc4 dxc4 17. h5 g5 18. h6 Bf8 19. Kb1 b4 20. Na4 Ne4 21. Qc1 Ba6 22. Rh5 Bb5 23. Nc5 Bxc5 24. dxc5 Nc3+ 25. Ka1 Ne2 26. Qe1 cxb3 27. Qxb4 Nxg1 28. Qxb3+ Qd5 29. Nxg1 Qxb3 30. axb3 Re4 31. c4 Ba6 32. Nf3 Rd8 33. Kb2 Bc8 34. Rh1 Bxg4 35. Nh2 Bd1 36. Nf1 Rd3 37. Nd2 Rexe3 38. fxe3 Rxd2+ 39. Kc1 Bf3 40. Rf1 Rd1+ 41. Rxd1 Bxd1 42. Kxd1 a5 0-1